000 01375nac a22004217a 4500
001 BR7310513
003 BR-BrBNA
005 20240105113616.0
008 230509b bl.|||m| |||| 00| 0 por d
040 _aBR-BrBNA
_bpor
_cBiblioteca Nacional de Agricultura
072 _aF23; F24; F26
090 _aF23 BR7310513
100 1 _aRego, R.S.
100 1 _aVieira, L.S.
100 1 _aAmaral Filho, Z.P. do
100 1 _aSantos, P.L. dos
100 1 _aLopes, D.N.
100 1 _aReis, C.M. dos
100 1 _aGama, J.R.N.F.
100 1 _aCosta, M.F. da
100 1 _aSerruya, L.M.
110 1 _aInstituto do Desenvolvimento Economico-Social do Para, Belem (Brasil)
245 1 _aEstudo detalhado dos solos de uma area do municipio de Capitao Poco [granulometria, aptidao agricola, Para, Brasil]
260 3 _aBelem, PA (Brasil):
_c1973.
300 _a119 p.
490 _aCadernos Paraenses - Instituto do Desenvolvimento Economico-Social do Para (Brazil)
_vno. 9
_x
500 _a12 illus.; 22 tables; 38 ref.; Summaries (En, Pt)
650 _aGEOLOGIA
650 _aCLASSIFICACAO DO SOLO
650 _aLEVANTAMENTO FISIOGRAFICO
650 _aANALISE DO SOLO
650 _aAPTIDAO AGRICOLA
650 _aUSO DA TERRA
650 _aCAPITAO POCO
650 _aPARA
909 _a202312
_bLúcia Elande
_c55
_dLúcia Elande
942 _2AGRIS
_n0
_cMS
999 _c264645
_d264645